00613nam a2200169 a 4500008004100000050001500041100002100056245003900077250001200116260003200128300002100160350000900181700002600190995008700216999001700303952012300320120416s1965 ||||||||||||||||| || u aTA 490 Bri aPhillips, Arthur10aStructure and properties of alloys a3rd ed. aNew YorkbMcGraw-Hillc1965 avii, 503p. : ill a0.00 aBrick, Robert Maynard D0.00FCBU-MAIN LIBRARY (Kitwe)H1I8.40M1UAVAILABLEZAnnex Low-Usage Collection  c58713d58713 00102lcc4070a001b001cAnnex Low-Usage Collection d2022-11-30l0oTA 490 Brip014220r2022-11-30w2022-11-30y002